| 000 | 00542cam a22002291 4500 | ||
|---|---|---|---|
| 001 | sa 65009644 | ||
| 003 | DLC | ||
| 005 | 20260227112203.0 | ||
| 008 | 940930s1965 ii a 000 0 beno | ||
| 010 | _asa 65009644 | ||
| 025 | _aPL480:I-B-1857 | ||
| 035 | _a(OCoLC)31205815 | ||
| 040 |
_aDLC _cCU _dCU _dDLC |
||
| 042 | _apremarc | ||
| 050 | 0 | 0 |
_aHQ46 _b.P8 |
| 100 | 0 | _aPurabi Devi. | |
| 245 | 1 | 0 | _aNārīra mana o yaunajībana. |
| 260 | _c[1965] | ||
| 300 |
_a6, 146 p. _billus. _c22 cm. |
||
| 500 | _aIn Bengali. | ||
| 650 | 0 | _aSex. | |
| 999 |
_c66325 _d66325 |
||